000 00829nam a22002177a 4500
005 20240530110607.0
008 160528s2013 ua a g 000 0 ara d
017 _a2013/37160
_bمصر . دار الكتب المصرية
040 _aEG-CaGPL
082 0 4 _221
_a302.2\
_bح م
100 0 _aحسنين شفيق .
245 1 0 _aمواقع التواصل الاجتماعى :
_bادوات و مصادر للتغطية الاعلامية /
_cحسنين شفيق .
250 _aط.1
260 _aالقاهرة :
_bدار فكر و فن للطباعة و النشر و التوزيع ،
_c2014 .
300 _a320 ص ؛
_c24 سم .
650 0 4 _aالاعلام
_xتعليم و تدريس .
650 0 4 _aالاعلام .
650 0 4 _aالانترنت .
942 _2ddc
_cBK
999 _c62783
_d62783